Cristo Jesús: su vida, según los documentos más modernos
Guardat en:
| Autor principal: | |
|---|---|
| Format: | Llibre |
| Idioma: | espanyol |
| Publicat: |
Santiago
Zig-Zag
1949
|
| Edició: | 3a. ed |
| Col·lecció: | Colección Biografías
|
| Matèries: | |
| Etiquetes: |
Afegir etiqueta
Sense etiquetes, Sigues el primer a etiquetar aquest registre!
|
MARC
| LEADER | 00000nam a2200000 a 4500 | ||
|---|---|---|---|
| 001 | UCZ5367 | ||
| 003 | CL-VaPUC | ||
| 008 | 951117e19490000CL |||||||||||||||||spa|d | ||
| 082 | 0 | 4 | |a 232 |b HOU |2 21 |
| 100 | |a Housse, Rafael Emilio |e author |9 447220 | ||
| 245 | 1 | 0 | |a Cristo Jesús: su vida, según los documentos más modernos |
| 250 | |a 3a. ed | ||
| 300 | |a 568 p | ||
| 942 | |c BK | ||
| 945 | |d 19951117 00:00:00 |a lriquelm | ||
| 260 | |a Santiago |b Zig-Zag |c 1949 | ||
| 600 | 0 | |a Jesús |9 313614 | |
| 650 | 0 | |a Teología |9 258766 | |
| 650 | 0 | |a Creencia Religiosa |9 316904 | |
| 650 | 0 | |a Biografías |9 255210 | |
| 650 | 0 | |a Iglesia Católica |9 256114 | |
| 650 | 7 | |a DOCTRINAS RELIGIOSAS |2 CL-VaPUC |9 337177 | |
| 583 | |a last modification |c 19951117 00:00:00 |k Rodrigo Vera | ||
| 490 | 0 | |a Colección Biografías | |
| 999 | |c 241685 |d 241683 | ||
| 952 | |0 0 |1 0 |4 0 |6 232_000000000000000_HOU_1949 |7 0 |8 P |9 254085 |a BIBEDU |b BIBEDU |c BIBEDU_PB |d 2019-11-19 |i 1571990 |o 232 HOU 1949 |p 1571990 |r 2024-01-25 |w 2019-11-19 |y BK |k FIL | ||
| 952 | |0 0 |1 0 |4 0 |6 232_000000000000000_HOU_1949 |7 0 |8 A |9 254086 |a BIBTEO |b BIBTEO |d 2019-11-19 |i 2078171 |o 232 HOU 1949 |p 2078171 |r 2025-01-17 |w 2019-11-19 |y BK |k ICR | ||
| 952 | |0 0 |1 0 |4 0 |6 232_000000000000000_HOU_1949 |7 0 |8 A |9 254087 |a BIBTEO |b BIBTEO |d 2019-11-19 |i 207818K |o 232 HOU 1949 |p 207818K |r 2025-01-17 |w 2019-11-19 |y BK |k ICR | ||
| 952 | |0 0 |1 2 |4 0 |6 232_000000000000000_HOU_1949 |7 0 |8 A |9 254088 |a BIBTEO |b BIBTEO |d 2019-11-19 |i 4425847 |o 232 HOU 1949 |p 4425847 |r 2019-11-19 |w 2019-11-19 |x Descarte 2019 |y BK |k ICR | ||